Тахеометрическая съемка: учебное пособие

গ্রন্থ-পঞ্জীর বিবরন
প্রধান লেখক: Васильева Л. И.
সংস্থা লেখক: Сибирский государственный технологический университет (СибГТУ)
অন্যান্য লেখক: Гудкова Н. Э.
সংক্ষিপ্ত:В учебном пособии перечислены виды приборов и принадлежности для производства топографо-геодезических работ при топографической съемке, последовательность и правильность выполнения геодезических работ, на конкретных примерах дана камеральная обработка результатов съемки в расчетно-графической работе, а также ее контроль.
ভাষা:রুশ
প্রকাশিত: Красноярск, Изд-во СибГТУ, 2012
বিষয়গুলি:
বিন্যাস: MixedMaterials গ্রন্থ
KOHA link:https://koha.lib.tpu.ru/cgi-bin/koha/opac-detail.pl?biblionumber=227796

MARC

LEADER 00000nam0a2200000 4500
001 227796
005 20231101230826.0
035 |a (RuTPU)RU\TPU\book\248239 
090 |a 227796 
100 |a 20121211d2012 m y0rusy50 ca 
101 0 |a rus 
102 |a RU 
105 |a a j 001zy 
200 1 |a Тахеометрическая съемка  |e учебное пособие  |f Л. И. Васильева, Н. Э. Гудкова  |g Сибирский государственный технологический университет (СибГТУ) 
210 |a Красноярск  |c Изд-во СибГТУ  |d 2012 
215 |a 36 с.  |c ил. 
320 |a Библиогр.: с. 36. 
330 |a В учебном пособии перечислены виды приборов и принадлежности для производства топографо-геодезических работ при топографической съемке, последовательность и правильность выполнения геодезических работ, на конкретных примерах дана камеральная обработка результатов съемки в расчетно-графической работе, а также ее контроль. 
606 1 |a Тахеометрическая съемка  |2 stltpush  |3 (RuTPU)RU\TPU\subj\72012  |9 85642 
610 1 |a геодезические сети 
610 1 |a сети сгущения 
610 1 |a съемочные сети 
610 1 |a топографическая съемка 
610 1 |a съемочные работы 
610 1 |a планы 
610 1 |a полевые измерения 
610 1 |a учебные пособия 
675 |a 528.425(075.8)  |v 3 
700 1 |a Васильева  |b Л. И. 
701 1 |a Гудкова  |b Н. Э. 
712 0 2 |a Сибирский государственный технологический университет (СибГТУ)  |c (Красноярск)  |c (1997- )  |2 stltpush  |3 (RuTPU)RU\TPU\col\5642 
801 1 |a RU  |b 63413507  |c 20121211 
801 2 |a RU  |b 63413507  |c 20121220  |g RCR 
942 |c BK